LIBRARY & INFORMATION CENTRE, KCAET, TAVANUR

ONLINE PUBLIC ACCESS CATALOGUE (OPAC)

Impact of soil and water conservation measures on LULC and groundwater in Olanthichira watershed, Malappuram / (Record no. 19420)

MARC details
000 -LEADER
fixed length control field 00449nam a2200145 4500
003 - CONTROL NUMBER IDENTIFIER
control field OSt
082 ## - DEWEY DECIMAL CLASSIFICATION NUMBER
Classification number 631.587
Item number REV/IM
088 ## - REPORT NUMBER
Report number T 636
100 ## - MAIN ENTRY--AUTHOR NAME
Personal name Revathi N
245 ## - TITLE STATEMENT
Title Impact of soil and water conservation measures on LULC and groundwater in Olanthichira watershed, Malappuram /
260 ## - PUBLICATION, DISTRIBUTION, ETC. (IMPRINT)
Place of publication Tavanur :
Name of publisher Department of Irrigation and Drainage Engineering,
Year of publication 2025
300 ## - PHYSICAL DESCRIPTION
Number of Pages 123p.
700 ## - ADDED ENTRY--PERSONAL NAME
Personal name Sajeena S (Guide)
942 ## - ADDED ENTRY ELEMENTS (KOHA)
Koha item type Theses
Holdings
Collection code Home library Current library Full call number Accession Number Koha item type Public note
Reference KAUAET KAUAET 631.587 REV/IM T 636 Theses M.Tech Thesis
free website counter